Identificación de la ecuación en diferencias de una planta simulada con el computador analógico de la escuela de ingeniería eléctrica
Gardado en:
| Autor Principal: | |
|---|---|
| Formato: | Libro |
| Publicado: |
San José, Costa Rica
1990
|
| Materias: | |
| Etiquetas: |
Engadir etiqueta
Sen Etiquetas, Sexa o primeiro en etiquetar este rexistro!
|
MARC
| LEADER | 00000nam a2200000Ia 4500 | ||
|---|---|---|---|
| 003 | 004989 | ||
| 005 | 20221231144332.0 | ||
| 008 | 140114s1990 cr a m 000 ||s d | ||
| 040 | |c cru CEDI | ||
| 090 | |a TFG 2353 | ||
| 100 | |a Andre Tinoco, Alex |9 12976 | ||
| 245 | |a Identificación de la ecuación en diferencias de una planta simulada con el computador analógico de la escuela de ingeniería eléctrica | ||
| 260 | |c 1990 |a San José, Costa Rica | ||
| 300 | |a vii, 69 hojas : ilustraciones ; 27 cm | ||
| 500 | |a Proyecto de graduacion (licenciatura en ingenieria electrica)-- Universidad deCosta Rica. Facultad de Ingeniería. Escuela de Ingenieria Electrica | ||
| 650 | |x PROGRAMACION (COMPUTADORAS ELECTRONICAS) |x CONTROL AUTOMATICO |9 12977 | ||
| 942 | |c TFG | ||
| 999 | |c 20334 |d 20334 | ||
